000
00447nam a2200145Ia 4500
008
100122s9999 xx 000 0 und d
082
_b
56499
_a
822
100
_a
पुरंदरे माधुरी
245
_a
न भयं न लज्जा
260
_b
राजहंस प्रकाशन
_c
1999
300
_a
83
630
_a
न भयं न लज्जा
730
_a
न भयं न लज्जा
942
_c
BOOK
999
_c
432909
_d
432906